000 00679nam a2200241 i 4500
001 C2-0255602
003 PPAK
005 20180727223235.0
008 040613s2003 at a|||| ||||| | eng d
020 _a1740593561
040 _aPPAK
_beng
_cPPAK
_erda
082 0 4 _a915.9304
_223
090 0 0 _a915.9304
_bTHA
_dR
245 0 0 _aThailand
264 1 _aMelbourne :
_bLonely Planet Publications ,
_c2003
300 _a807 pages :
_bcolour illustrations ;
_c20 cm
336 _2rdacontent
_atext
337 _2rdamedia
_aunmediated
338 _2rdacarrier
_avolume
650 1 0 _aThailand - Guidebooks ; Thailand - Discription and travel
700 _eauthor
942 _ddc
_cB
999 _c67955
_d67955